000 00716nam a2200205 i 4500
001 60665
003 ES-MaACL
005 20230906164300.0
007 t|
008 031105s1942 sp ||||1| spa d
245 0 0 _aEstadística de las ferias más importantes que se celebran anualmente en España.
260 _a[Madrid :
_bs.n.,
_c1942] (
_fGráfs. Uguina)
300 _a43 p. ;
_c24 cm.
490 1 _aSección de Publicaciones, Prensa y Propaganda
500 _aPrecede al tít.: Ministerio de Agricultura.
710 1 _aEspaña.
_bMinisterio de Agricultura.
_93837
830 0 _aSección de Publicaciones, Prensa y Propaganda
_9180914
852 _aES-MaACL
_j1920-F-12
_bR.29927
999 _c60665
_d60665